• 首页
  • 本馆介绍
  • 公告通知
  • 最新文献
  • 馆藏检索
  • 电子资源
  • 读者导购
  • 参考咨询
  • 我的图书馆
  • 登录
  • 详细信息显示
  • 放入我的书架
  • 预约/预借图书
  • 作者相关作品
  • 分类相关作品
  • 丛书相关作品
  • 出版社相关作品

书目信息

  • 表格格式
  • 工作单格式
  • 卡片格式
题名:
宽带IP网络
    
 
作者: 毛京丽 编著
分册:  
出版信息: 北京   人民邮电出版社  2015
页数: 315页
开本: 26cm
丛书名: 21世纪高等院校信息与通信工程规划教材
单 册:
中图分类: TN915.142-43
科图分类:
主题词: 宽带通信系统--kuan dai tong xin xi tong--计算机通信网--高等学校--教材
电子资源:
ISBN: 978-7-115-37373-1
000 01366nam 2200313 450
001 012001000877
005 20191108084126.53
010    @a978-7-115-37373-1@dCNY49.00
099    @aCAL 012014166319
100    @a20141225d2015 em y0chiy50 ea
101 0  @achi
102    @aCN@b110000
105    @aak a 000yy
106    @ar
200 1  @a宽带IP网络@Akuan dai IP wang luo@d= Broadband IP network@f毛京丽编著@zeng
205    @a第2版
210    @a北京@c人民邮电出版社@d2015
215    @a315页@c图@d26cm
225 2  @a21世纪高等院校信息与通信工程规划教材@A21 shi ji gao deng yuan xiao xin xi yu tong xin gong cheng gui hua jiao cai
300    @a工业和信息化普通高等教育“十二五”规划教材立项项目
320    @a有书目
330    @a本书在介绍了宽带IP网络基本概念、TCP/IP协议的基础上,全面地讲述了宽带IP网络的相关技术。全书共有8章:第l章概述,第2章宽带IP网络的体系结构,第3章局域网技术,第4章宽带IP城域网,第5章宽带IP网络的传输技术,第6章宽带IP网络的接入技术,第7章路由器技术和路由选择协议,第8章宽带IP网络的安全。
410  0 @12001@@a21世纪高等院校信息与通信工程规划教材
510 1  @aBroadband IP network@zeng
606 0  @a宽带通信系统@Akuan dai tong xin xi tong@x计算机通信网@x高等学校@j教材
690    @aTN915.142-43@v5
701  0 @a毛京丽@Amao jing li@4编著
801  0 @aCN@b北京卓展文化@c20191020
905    @b1197054-7@dTN915.142-43@e203=2@f4
    
    宽带IP网络= Broadband IP network/毛京丽编著.-第2版.-北京:人民邮电出版社,2015
    315页:图;26cm.-(21世纪高等院校信息与通信工程规划教材)
    工业和信息化普通高等教育“十二五”规划教材立项项目
    
    ISBN 978-7-115-37373-1:CNY49.00
    本书在介绍了宽带IP网络基本概念、TCP/IP协议的基础上,全面地讲述了宽带IP网络的相关技术。全书共有8章:第l章概述,第2章宽带IP网络的体系结构,第3章局域网技术,第4章宽带IP城域网,第5章宽带IP网络的传输技术,第6章宽带IP网络的接入技术,第7章路由器技术和路由选择协议,第8章宽带IP网络的安全。
●
相关链接 在E读中查询图书 在五车中查询图书 在当当中查询图书 在豆瓣中查询图书


正题名:宽带IP网络     索取号:TN915.142-43/203=2         预约/预借

序号 登录号 条形码 馆藏地/架位号 状态 备注
1 1197054   211970544   第二样本阅览室/ [索取号:TN915.142-43/203=2] 在馆    
2 1197055   211970553   第三借阅区/ [索取号:TN915.142-43/203=2] 在馆    
3 1197056   211970562   第三借阅区/ [索取号:TN915.142-43/203=2] 在馆    
4 1197057   211970571   第三借阅区/ [索取号:TN915.142-43/203=2] 在馆    
唐山师范学院图书馆 欢迎您!
大连网信软件有限公司© 版权所有